| Tag |
First Indicator |
Second Indicator |
Subfields |
| LEADER |
00000cam a2200000 4500 |
| 001 |
in00001578607 |
| 005 |
20220103181948.0 |
| 006 |
m u |
| 007 |
cr cn||||||||| |
| 008 |
001008s1992 caua sb 001 0 eng |
| 010 |
|
|
|z 91030111
|
| 020 |
|
|
|a 058507917X (electronic bk.) :
|c $50.00
|
| 020 |
|
|
|z 0520060822 (alk. paper)
|
| 035 |
|
|
|a 21322
|b (N$T)
|
| 035 |
|
|
|a nL21322
|
| 040 |
|
|
|a N$T
|c N$T
|d UtOrBLW
|
| 050 |
1 |
0 |
|a HM24
|b .R438 1992eb
|
| 082 |
0 |
4 |
|a 335.4/1
|2 20
|
| 100 |
1 |
|
|a Resch, Robert Paul.
|0 http://id.loc.gov/authorities/names/n89665059
|
| 245 |
1 |
0 |
|a Althusser and the renewal of Marxist social theory /
|c Robert Paul Resch.
|
| 264 |
|
1 |
|a Berkeley :
|b University of California Press,
|c [1992]
|
| 264 |
|
4 |
|c ©1992
|
| 300 |
|
|
|a xi, 436 pages :
|b illustrations ;
|c 24 cm.
|
| 336 |
|
|
|a text
|b txt
|2 rdacontent
|
| 337 |
|
|
|a computer
|b c
|2 rdamedia
|
| 338 |
|
|
|a online resource
|b cr
|2 rdacarrier
|
| 504 |
|
|
|a Includes bibliographical references (pages 393-409) and index.
|
| 533 |
|
|
|a Electronic reproduction.
|b Boulder, Colo. :
|c NetLibrary,
|d 2000.
|n Available via World Wide Web.
|n Access may be limited to NetLibrary affiliated libraries.
|
| 500 |
|
|
|a Electronic resource.
|
| 650 |
|
0 |
|a Marxian school of sociology.
|0 http://id.loc.gov/authorities/subjects/sh85081690
|
| 600 |
1 |
0 |
|a Althusser, Louis,
|d 1918-1990.
|0 http://id.loc.gov/authorities/names/n79021234
|
| 650 |
|
0 |
|a Political science
|x Philosophy.
|0 http://id.loc.gov/authorities/subjects/sh88004669
|
| 650 |
|
0 |
|a Sociology
|x Philosophy.
|0 http://id.loc.gov/authorities/subjects/sh86006205
|
| 655 |
|
0 |
|a Electronic books.
|
| 710 |
2 |
|
|a NetLibrary, Inc.
|0 http://id.loc.gov/authorities/names/no99080690
|
| 776 |
0 |
|
|c Original
|w (DLC) 91030111
|
| 856 |
4 |
1 |
|u https://proxy.library.tamu.edu/login?url=http://www.netLibrary.com/urlapi.asp?action=summary&v=1&bookid=21322
|z Connect to the full text of this electronic book
|t 0
|
| 999 |
|
|
|a MARS
|
| 999 |
f |
f |
|s 098aef17-11a8-3d27-96da-f18aaa8363c7
|i 5155e24b-3fe9-3433-9364-dcfab7f41461
|t 0
|
| 952 |
f |
f |
|a Texas A&M University
|b College Station
|c Electronic Resources
|d Available Online
|t 0
|e HM24 .R438 1992eb
|h Library of Congress classification
|
| 998 |
f |
f |
|a HM24 .R438 1992eb
|t 0
|l Available Online
|